Aktualizácia k zákonom V/2003 zákon o rozpočtových pravidlách

Enregistré dans:
Détails bibliographiques
Format: Livre
Langue:slovaque
Publié: Žilina Poradca 2003
Collection:Aktualizácia V/5
Tags: Ajouter un tag
Pas de tags, Soyez le premier à ajouter un tag!

MARC

LEADER 00000nam$a2200000$$$4500
001 0021488
005 20250619121213.1
022 |a 1335-6127 
041 0 |a slo 
044 |a SK 
245 1 0 |a Aktualizácia k zákonom V/2003  |b zákon o rozpočtových pravidlách 
264 1 |a Žilina  |b Poradca  |c 2003 
300 |a 96 s. 
490 1 |a Aktualizácia  |v V/5 
830 0 |a Aktualizácia  |v V/5